00555nam a22001817a 450000500170000001000140001702000260003103500130005703700130007008200110008310000250009424501330011926000390025227000440029130000320033570000030036770000030037020100809160552.0 aENG-99154 a9789380599021c275.00 aEN-82686 bDBAD/PUB a004.03 aBhattacharya, Joyrup aRudiments of computer science :bas per syllabus of West Bengal council for higher secondary education /cby Joyrup Bhattacharya aKolkatabAcademic Publishersc2010 a5A, Bhawani Dutta LanebKolkatae700073 avarious pagingsc27cm (pbk)